The Misanthrope and Tartuffe (Record no. 6988)
[ view plain ]
| 000 -LEADER | |
|---|---|
| fixed length control field | 00625nam a22002177i 4500 |
| 003 - CONTROL NUMBER IDENTIFIER | |
| control field | URS |
| 005 - DATE AND TIME OF LATEST TRANSACTION | |
| control field | 20220114152606.0 |
| 008 - FIXED-LENGTH DATA ELEMENTS--GENERAL INFORMATION | |
| fixed length control field | 170227b xxu||||| |||| 00| 0 eng d |
| 020 ## - INTERNATIONAL STANDARD BOOK NUMBER | |
| International Standard Book Number | 0156605171 |
| 040 ## - CATALOGING SOURCE | |
| Description conventions | rda |
| Transcribing agency | URSP-College Library |
| Language of cataloging | eng |
| 050 00 - LIBRARY OF CONGRESS CALL NUMBER | |
| Item number | M7331 1965 |
| 100 1# - MAIN ENTRY--PERSONAL NAME | |
| Personal name | Moliere, Jean Baptiste Poquelin De |
| 245 ## - TITLE STATEMENT | |
| Title | The Misanthrope and Tartuffe |
| Statement of responsibility, etc. | Jeaan Baptiste Poquelin De Moliere |
| 264 #1 - PRODUCTION, PUBLICATION, DISTRIBUTION, MANUFACTURE, AND COPYRIGHT NOTICE | |
| Place of production, publication, distribution, manufacture | New York |
| Name of producer, publisher, distributor, manufacturer | HBJ Books |
| Date of production, publication, distribution, manufacture, or copyright notice | 1965. |
| 300 ## - PHYSICAL DESCRIPTION | |
| Extent | 326pages |
| Dimensions | 20cm. |
| 336 ## - CONTENT TYPE | |
| Content type term | text |
| Content type code | txt |
| Source | rdacontent |
| 337 ## - MEDIA TYPE | |
| Media type term | unmediated |
| Media type code | n |
| Source | rdamedia |
| 338 ## - CARRIER TYPE | |
| Carrier type term | volume |
| Carrier type code | nc |
| Source | rdacarrier |
| 500 ## - GENERAL NOTE | |
| General note | Includes |
| 942 ## - ADDED ENTRY ELEMENTS (KOHA) | |
| Source of classification or shelving scheme | Library of Congress Classification |
| Koha item type | Foreign Books |
| Withdrawn status | Source of classification or shelving scheme | Damaged status | Not for loan | Collection code | Home library | Current library | Shelving location | Date acquired | Total Checkouts | Full call number | Barcode | Date last seen | Copy number | Price effective from | Koha item type |
|---|---|---|---|---|---|---|---|---|---|---|---|---|---|---|---|
| Library of Congress Classification | Fiction | Pililla College Library | Pililla College Library | Fiction | 02/27/2017 | M7331 1965 | M7331 | 07/25/2018 | 1 | 02/27/2017 | Foreign Books |